00314nam a22001217a 450000500170000000800410001702000180005808200200007610000210009624500280011726000310014530000160017620250716141755.0250716b |||||||| |||| 00| 0 eng d a9789349015821 a343.087 VII;1 R aViij, Neharikka. aInternational trade law aHaryanabLexix Nexixc2025 axxviii, 289